| 000 | 00863cam a2200217 4500 | ||
|---|---|---|---|
| 999 |
_c116296 _d116296 |
||
| 001 | L160245 | ||
| 008 | 190529n2019 000 0 eng u | ||
| 020 | _a9780203732885 | ||
| 035 | _a(Sirsi) u160245 | ||
| 041 | _aeng | ||
| 100 | _aWeisheng, Lu | ||
| 245 |
_aBIM and Big Data for construction cost management _h[electronic resource] |
||
| 260 |
_aAbingdon _bRoutldge _c2019 |
||
| 520 | _aProvides an indepth analysis of how BIM and Big Data can be applied in construction cost management illustated with case studies and worked examples. Concludes with a discussion on their application iin quantity surveying practice. | ||
| 650 | 2 | 4 |
_aBIM _96219 |
| 650 | 2 | 4 | _aBIG DATA |
| 651 | 4 | _aENGLAND AND WALES | |
| 690 |
_aPropTech _96274 |
||
| 856 | 4 | 0 |
_uhttps://www.vlebooks.com/ _zView on VLEbooks. Logins for members only from [email protected] |
| 942 | _n0 | ||